000 00267nam a2200097Ia 4500
001 644260
005 20250826153601.0
008 250824s9999 xx 000 0 und d
245 0 _aGÜLİSTAN GENÇLİK KLASİKLERİ
_cŞEYH SADİ-İ ŞİRAZİ
260 _bTİMAŞ ÇOCUK
999 _c644260
_d644260